| Virtuální polytechnická knihovna - Souborný katalog - Úplný záznam dokumentu - MARC |
Uživatel: --- |
-----nas 22-----zu 4500
001 SKVPK0031858
003 CZ-VPK
005 20260422121400.0
008 260422d19631974||||| | ||| || |||||||
022 $a0030-140X
040 $aABA013$bcze
222 0$aOil and Petrochemical Equipment News
245 00$aOil and Petrochemical Equipment News
260 $aVelká Británie :$b London : Council of British Manufacturers of Petroleu
m Equipment, 1963 London : Council of British Manufacturers of Pet,$c1963-
1974
650 07$achemie$xch$2psh
650 07$ageologie$xgl$2psh
780 00$tBritish petroleum equipment news$x0366-2489
910 $aABA013$r1963-1964, 1966-1974
| čtvrtek 14.05.2026 02:30:20 |
© 2001-2015 Národní technická knihovna |
[Virtuální polytechnická knihovna]
[Servisní centrum]
[Souborný katalog]